[Event "PRO League Pacific 2017"]
[Site "chess.com INT"]
[Date "2017.01.11"]
[Round "1"]
[White "Harmon-Vellotti, Luke"]
[Black "Rosenthal, Nicholas"]
[Result "1-0"]
[WhiteTitle "IM"]
[WhiteElo "2454"]
[BlackElo "2156"]
[WhiteTeam "Dallas Destiny"]
[BlackTeam "St Louis Arch Bishops"]
[WhiteFideId "2030012"]
[BlackFideId "2045150"]
[EventDate "2017.01.11"]

1. d4 e6 2. c4 f5 3. Nf3 Nf6 4. g3 d5 5. Bg2 c6 6. O-O Bd6 7. b3 Qe7 8. Nbd2 O-O
9. Ne5 Bd7 10. Ndf3 Be8 11. Bf4 Ne4 12. Nd3 Bh5 13. Bxd6 Qxd6 14. Rc1 Nd7 15.
Qc2 Rf6 16. Nfe5 Rh6 17. Qb2 Rf8 18. e3 Qe7 19. cxd5 exd5 20. b4 a6 21. a4 Nb6
22. Qa2 Bf7 23. b5 axb5 24. axb5 cxb5 25. Nxf7 Qxf7 26. Ne5 Qh5 27. h3 Nc4 28.
Qa7 Nxe5 29. dxe5 Ng5 30. Bxd5+ Kh8 31. h4 Nf3+ 32. Bxf3 Qxf3 33. Qc5 Rg8 34.
Qd4 Rg6 35. Rfd1 Re8 36. Qd5 Qxd5 37. Rxd5 Rb6 38. Rb1 b4 39. f4 Ra8 40. Rd4 b3
41. Rd3 h6 42. Rdxb3 Rc6 43. Rxb7 Ra2 44. R7b2 Ra3 45. Kf2 Kh7 46. h5 Rac3 47.
Kf3 Ra6 48. Rb3 Rc2 49. e4 fxe4+ 50. Kxe4 Re2+ 51. Kf3 Rh2 52. Kg4 Re6 53. Re3
Re7 54. f5 Kg8 55. Rb8+ Kh7 56. e6 Rf2 57. Rd3 g5 58. hxg6+ Kg7 59. Rd7 h5+ 60.
Kg5 Rxd7 61. exd7 Rg2 62. f6# 1-0

[Event "PRO League Pacific 2017"]
[Site "chess.com INT"]
[Date "2017.01.11"]
[Round "1"]
[White "Mikhalevski, Victor"]
[Black "Khachiyan, Melikset"]
[Result "1-0"]
[WhiteTitle "GM"]
[BlackTitle "GM"]
[WhiteElo "2504"]
[BlackElo "2530"]
[WhiteTeam "Seattle Sluggers"]
[BlackTeam "San Diego Surfers"]
[WhiteFideId "2801914"]
[BlackFideId "13300512"]
[EventDate "2017.01.11"]

1. c4 Nf6 2. Nc3 e5 3. g3 d5 4. cxd5 Nxd5 5. Bg2 Nb6 6. Nf3 Nc6 7. O-O Be7 8. a3
O-O 9. b4 Re8 10. d3 Bf8 11. Nd2 Be6 12. Bb2 Qd7 13. Rc1 f6 14. Nb3 a5 15. b5
Nd4 16. Nxd4 exd4 17. Ne4 Bd5 18. Nc5 Qxb5 19. Bxd4 Bxg2 20. Kxg2 Rad8 21. e3
Nd7 22. a4 Qc6+ 23. Ne4 Qd5 24. Kg1 c5 25. Bb2 Ne5 26. Bxe5 Rxe5 27. Nc3 Qxd3
28. Qb3+ c4 29. Qxb7 Qd7 30. Qf3 Qf5 31. Qxf5 Rxf5 32. Rfd1 Rxd1+ 33. Rxd1 Bb4
34. Nb5 Rc5 35. Nd4 Kf7 36. Kf1 Bc3 37. Nc2 Ke6 38. e4 f5 39. exf5+ Kxf5 40. Rd7
Bf6 41. Ke2 Ke6 42. Ra7 c3 43. Ra6+ Kd7 44. Ra7+ Kc6 45. Ra8 Rd5 46. Ne3 Rd2+
47. Kf3 Ra2 48. Rc8+ Kb7 49. Rc4 Rb2 50. Nd5 c2 51. Nxf6 gxf6 52. Ke3 Rb4 53.
Rxc2 Rxa4 54. Rc5 Ra3+ 55. Kf4 Ra2 56. Kf3 Ra3+ 57. Kg2 Ra1 58. Rf5 Rc1 59. Rxf6
a4 60. Rf4 a3 61. Ra4 Ra1 62. f4 Kb6 63. f5 Kb5 64. Ra8 Kc6 65. f6 Kb7 66. f7 1-0

[Event "PRO League Pacific 2017"]
[Site "chess.com INT"]
[Date "2017.01.11"]
[Round "1"]
[White "Mikhalevski, Victor"]
[Black "Hilby, Craig"]
[Result "0-1"]
[WhiteTitle "GM"]
[BlackTitle "FM"]
[WhiteElo "2504"]
[BlackElo "2334"]
[WhiteTeam "Seattle Sluggers"]
[BlackTeam "San Diego Surfers"]
[WhiteFideId "2801914"]
[BlackFideId "2062674"]
[EventDate "2017.01.11"]

1. d4 Nf6 2. c4 e6 3. Nf3 c5 4. d5 exd5 5. cxd5 d6 6. Nc3 g6 7. Bf4 a6 8. a4 Bg7
9. h3 O-O 10. e3 Qe7 11. Be2 Nbd7 12. O-O Rb8 13. Nd2 Ne8 14. Re1 f5 15. Qb3 Be5
16. Bxe5 Nxe5 17. f4 Nd7 18. Bd3 Nef6 19. e4 fxe4 20. Ndxe4 Nxe4 21. Rxe4 Qg7
22. Rae1 Nf6 23. Re7 Rf7 24. Rxf7 Qxf7 25. Qb6 Qf8 26. b4 cxb4 27. Qxb4 Bd7 28.
a5 Re8 29. Rf1 Re3 30. Qd4 Qe7 31. Kf2 Bxh3 32. gxh3 Rxh3 33. Kg2 Rh4 34. Be2
Ng4 35. Bxg4 Rxg4+ 36. Kf3 Qh4 37. Ne4 Rxf4+ 38. Kg2 Rxe4 39. Qf6 Rg4+ 0-1

[Event "PRO League Pacific 2017"]
[Site "chess.com INT"]
[Date "2017.01.11"]
[Round "1"]
[White "Durham, Dan"]
[Black "Hevia Alejano, Carlos Antonio"]
[Result "1-0"]
[WhiteTitle "FM"]
[BlackTitle "GM"]
[WhiteElo "2229"]
[BlackElo "2496"]
[WhiteTeam "Las Vegas Desert Rats"]
[BlackTeam "Rio Grande Ospreys"]
[WhiteFideId "2001837"]
[BlackFideId "3508811"]
[EventDate "2017.01.11"]

1. d4 Nf6 2. c4 e6 3. Nf3 b6 4. Nc3 Bb4 5. Bg5 h6 6. Bh4 g5 7. Bg3 Ne4 8. Qc2
Bb7 9. e3 Bxc3+ 10. bxc3 d6 11. Bd3 f5 12. d5 Nd7 13. Bxe4 fxe4 14. Qxe4 Qf6 15.
O-O Nc5 16. Qd4 Rf8 17. e4 O-O-O 18. Qxf6 Rxf6 19. Rfe1 e5 20. Nd2 Na4 21. Rac1
Ba6 22. Rc2 Kd7 23. f3 Rc8 24. Bf2 c6 25. Rb1 cxd5 26. Rb4 Nc5 27. cxd5 Bb7 28.
Bxc5 Rxc5 29. Ra4 a5 30. c4 Ba6 31. Rb2 Kc7 32. Nb3 Rxc4 33. Rxc4+ Bxc4 34. Rc2
b5 35. Nxa5 Rf8 36. Nxc4 bxc4 37. Rxc4+ Kd7 38. Rc2 Ra8 39. Kf2 h5 40. Kg3 Ra3
41. h3 Kd8 42. Rb2 Kc7 43. h4 g4 44. Rb3 Rxa2 45. fxg4 hxg4 46. h5 Re2 47. h6
Re1 48. Kxg4 Rxe4+ 49. Kg5 1-0

[Event "PRO League Pacific 2017"]
[Site "chess.com INT"]
[Date "2017.01.11"]
[Round "1"]
[White "Durham, Dan"]
[Black "Ynojosa Aponte, Felix Jose"]
[Result "1-0"]
[WhiteTitle "FM"]
[BlackTitle "IM"]
[WhiteElo "2229"]
[BlackElo "2399"]
[WhiteTeam "Las Vegas Desert Rats"]
[BlackTeam "Rio Grande Ospreys"]
[WhiteFideId "2001837"]
[BlackFideId "3900258"]
[EventDate "2017.01.11"]

1. d4 Nf6 2. c4 e6 3. Nf3 d5 4. Nc3 c6 5. Bg5 Be7 6. e3 O-O 7. Qc2 Nbd7 8. Be2
dxc4 9. Bxc4 b5 10. Bd3 h6 11. Bh4 Bb7 12. O-O Rc8 13. Rfd1 a6 14. Ne5 Nxe5 15.
dxe5 Nd7 16. Bxe7 Qxe7 17. f4 c5 18. Bh7+ Kh8 19. Be4 Nb6 20. Bxb7 Qxb7 21. Ne4
Nc4 22. Nd6 Nxd6 23. Rxd6 c4 24. Qd2 b4 25. Rc1 a5 26. Rd4 Qb5 27. Qe2 Rc5 28.
Rdxc4 Rfc8 29. b3 Rxc4 30. Rxc4 Rxc4 31. bxc4 Qc5 32. Qd3 a4 33. Kf2 Qb6 34. Qd6
Qa5 35. c5 b3 36. axb3 Qb5 37. bxa4 1-0

[Event "PRO League Pacific 2017"]
[Site "chess.com INT"]
[Date "2017.01.11"]
[Round "1"]
[White "Liou, Yian"]
[Black "Xu, Grant Y"]
[Result "0-1"]
[WhiteTitle "IM"]
[WhiteElo "2414"]
[BlackElo "2193"]
[WhiteTeam "San Francisco Mechanics"]
[BlackTeam "Pittsburgh Pawngrabbers"]
[WhiteFideId "2039583"]
[BlackFideId "2052318"]
[EventDate "2017.01.11"]

1. e4 d6 2. d4 Nf6 3. Nc3 e5 4. Nf3 Nbd7 5. Bc4 Be7 6. O-O O-O 7. Re1 a6 8. a4
b6 9. h3 Bb7 10. Ba2 c6 11. Bg5 Qc7 12. Nh4 Rfe8 13. Nf5 Bf8 14. Qf3 g6 15. dxe5
Nxe5 16. Qd1 Nfd7 17. Ne3 Nc5 18. f4 Ned7 19. Ng4 Ne6 20. Nh6+ Bxh6 21. Bxh6 b5
22. f5 Ng7 23. Rf1 Ne5 24. Qd4 c5 25. Qe3 c4 26. axb5 axb5 27. Nxb5 Qd7 28. Nc3
d5 29. Bxg7 Kxg7 30. f6+ Kh8 31. Qh6 Rg8 32. Qg5 Qd6 33. exd5 Rae8 34. Rf4 Qb6+
35. Kh2 Qe3 36. Qg3 Qb6 37. Rb1 Qc7 38. Rbf1 Qb6 39. Rb1 Qc7 40. Kh1 Bc8 41. Qf2
g5 42. Rd4 Qc5 43. Ne4 Qa7 44. Nc3 Rg6 45. Rd2 Qa6 46. Rf1 g4 47. h4 g3 48. Qd4
Rg4 49. Rf4 Qd6 50. Rd1 Nf3 51. Rxg4 Nxd4 52. Rgxd4 Qxf6 53. d6 Rd8 54. Bxc4 Bf5
55. Bd3 Bxd3 56. R4xd3 Qxh4+ 57. Kg1 Qh2+ 58. Kf1 Qh1+ 59. Ke2 Qxg2+ 60. Ke3
Qf2+ 61. Ke4 g2 0-1

[Event "PRO League Pacific 2017"]
[Site "chess.com INT"]
[Date "2017.01.11"]
[Round "1"]
[White "Liou, Yian"]
[Black "Heimann, Alexander C"]
[Result "0-1"]
[WhiteTitle "IM"]
[WhiteElo "2414"]
[BlackElo "2271"]
[WhiteTeam "San Francisco Mechanics"]
[BlackTeam "Pittsburgh Pawngrabbers"]
[WhiteFideId "2039583"]
[BlackFideId "2006073"]
[EventDate "2017.01.11"]

1. e4 Nf6 2. e5 Nd5 3. c4 Nb6 4. d4 d6 5. exd6 exd6 6. Nc3 Be7 7. Nf3 Bg4 8. h3
Bh5 9. Be2 O-O 10. O-O Nc6 11. d5 Bxf3 12. Bxf3 Ne5 13. b3 f5 14. Bb2 Bf6 15.
Be2 Qd7 16. Qd2 a6 17. Rae1 Qf7 18. f4 Ng6 19. g3 Rfe8 20. Bd3 Ne7 21. Re6 Nd7
22. b4 Nf8 23. Re2 c6 24. dxc6 Nxc6 25. Nd5 Bxb2 26. Qxb2 Rxe2 27. Bxe2 Re8 28.
Bf3 h6 29. Qc3 Kh7 30. b5 axb5 31. cxb5 Ne7 32. Qd3 Kh8 33. Rf2 Qg6 34. Kh2 Nd7
35. Qd1 Nxd5 36. Qxd5 Nc5 37. a4 Kh7 38. a5 Re3 39. a6 Ne4 40. Rg2 Rxf3 41. axb7
Rxg3 42. Qa2 Rxh3+ 43. Kg1 Qh5 44. Rxg7+ Kxg7 45. Qg2+ Kh7 46. b8=Q Qd1+ 47. Qf1
Rh1+ 0-1

[Event "PRO League Pacific 2017"]
[Site "chess.com INT"]
[Date "2017.01.11"]
[Round "1"]
[White "Yoo, Christopher Woojin"]
[Black "Durarbayli, Vasif"]
[Result "1/2-1/2"]
[BlackTitle "GM"]
[WhiteElo "1854"]
[BlackElo "2616"]
[WhiteTeam "San Jose Hackers"]
[BlackTeam "Webster Windmills"]
[WhiteFideId "30909694"]
[BlackFideId "13402935"]
[EventDate "2017.01.11"]

1. e4 e5 2. Nf3 Nc6 3. Bb5 a6 4. Ba4 Nge7 5. O-O g6 6. c3 b5 7. Bc2 Bg7 8. d4
exd4 9. cxd4 d6 10. a4 Bg4 11. Be3 Bxf3 12. gxf3 O-O 13. Nc3 b4 14. Ne2 d5 15.
Qd2 Qd7 16. e5 Nf5 17. Bxf5 Qxf5 18. Ng3 Qxf3 19. Rac1 Na5 20. Qxb4 Nc4 21. Qc3
h5 22. Bg5 Qg4 23. h4 c5 24. Rcd1 Rfc8 25. b3 cxd4 26. Qxd4 Nxe5 27. Qxg4 hxg4
28. Rxd5 Rab8 29. Ne4 Rxb3 30. Rfd1 Nf3+ 31. Kg2 Nxg5 32. Rd8+ Rxd8 33. Rxd8+
Bf8 34. Nf6+ Kg7 35. hxg5 Ra3 36. Ne8+ Kh8 37. Nf6 Kg7 38. Ne8+ Kh8 39. Nf6 Kg7
40. Ne8+ Kh8 41. Nf6 Kg7 42. Ne8+ Kh8 43. Nf6 Kg7 1/2-1/2

[Event "PRO League Pacific 2017"]
[Site "chess.com INT"]
[Date "2017.01.11"]
[Round "1"]
[White "Yoo, Christopher Woojin"]
[Black "Sukandar, Irine Kharisma"]
[Result "1-0"]
[BlackTitle "IM"]
[WhiteElo "1854"]
[BlackElo "2421"]
[WhiteTeam "San Jose Hackers"]
[BlackTeam "Webster Windmills"]
[WhiteFideId "30909694"]
[BlackFideId "7101937"]
[EventDate "2017.01.11"]

1. e4 c5 2. Nf3 Nc6 3. d4 cxd4 4. Nxd4 g6 5. Nc3 Bg7 6. Be3 Nf6 7. Bc4 O-O 8.
Bb3 e6 9. f3 d5 10. Qd2 dxe4 11. Nxc6 bxc6 12. Qxd8 Rxd8 13. fxe4 Ng4 14. Bc5
Be5 15. h3 Bg3+ 16. Ke2 Ne5 17. Rad1 Ba6+ 18. Ke3 Nd7 19. Be7 Kg7 20. Bxd8 Rxd8
21. Na4 f5 22. exf5 exf5 23. Nc5 f4+ 24. Kf3 Ne5+ 25. Ke4 Re8 26. Nxa6 Ng4+ 27.
Kd3 Nf2+ 28. Kd2 f3 29. gxf3 Bf4+ 30. Kc3 Re3+ 31. Kb4 Nxh1 32. Rxh1 Rxf3 33.
Kc5 Be3+ 34. Kc4 h5 35. h4 Rf4+ 36. Kd3 Bf2 37. Rf1 Rd4+ 38. Ke2 Bxh4 39. Nc5
Rd5 40. Bxd5 cxd5 41. Ne6+ Kh6 42. Rf8 g5 43. Rf6+ Kh7 44. Rf5 Kg6 45. Rxd5 g4
46. Kf1 Bf6 47. Nf4+ Kf7 48. Rxh5 Bxb2 49. Rf5+ Ke7 50. Rg5 Bc1 51. Rxg4 Kf6 52.
Nd3 Be3 53. Ra4 Kf5 54. Ke2 Bb6 55. Kf3 Ke6 56. Ke4 Kd6 57. c4 Kc6 58. c5 Bxc5
59. Rc4 Kb6 60. Rxc5 a5 61. a4 Ka6 62. Kd5 Kb6 63. Kd6 Ka6 64. Kc7 Ka7 65. Rxa5# 1-0

[Event "PRO League Pacific 2017"]
[Site "chess.com INT"]
[Date "2017.01.18"]
[Round "2"]
[White "Haining, Kyle"]
[Black "Raptis, Nick"]
[Result "0-1"]
[WhiteTitle "CM"]
[BlackTitle "FM"]
[WhiteElo "2195"]
[BlackElo "2262"]
[WhiteTeam "Seattle Sluggers"]
[BlackTeam "Portland Rain"]
[WhiteFideId "2078643"]
[BlackFideId "2016850"]
[EventDate "2017.01.11"]

1. g3 Nf6 2. Bg2 d5 3. Nf3 c6 4. O-O Bf5 5. d4 e6 6. c4 Nbd7 7. Nc3 h6 8. Re1
Be7 9. Nd2 O-O 10. e4 dxe4 11. Ndxe4 Nxe4 12. Nxe4 Nf6 13. Nc3 Bb4 14. Bf4 Bd6
15. Qd2 Bxf4 16. Qxf4 Qb6 17. b3 Rad8 18. Rad1 Qa5 19. Qc1 Rd7 20. Qb2 Rfd8 21.
b4 Qc7 22. Na4 b6 23. f4 h5 24. Qc3 h4 25. Nb2 hxg3 26. hxg3 Bg4 27. Rd3 b5 28.
a4 bxc4 29. Nxc4 Nd5 30. Bxd5 Rxd5 31. Ne3 Bf3 32. Nxd5 Bxd5 33. b5 Qb7 34. bxc6
Bxc6 35. Rc1 Be4 36. Rd2 Qd5 37. Qc5 Qb3 38. Qc3 Qxa4 39. Ra1 Qd7 40. Qa5 Rb8
41. Qxa7 Qb5 42. Qc5 Qb3 43. Qe5 Qxg3+ 44. Kf1 Qf3+ 45. Kg1 Qh1+ 46. Kf2 Qg2+
47. Ke1 Qg1+ 48. Ke2 Qg4+ 49. Ke1 Qg1+ 50. Ke2 Qg2+ 51. Ke1 Qg3+ 52. Ke2 Qf3+
53. Ke1 Qe3+ 54. Re2 Qg1+ 55. Kd2 Rb2+ 56. Kc3 Qxa1 57. Rxb2 Qc1+ 58. Kb3 Bd5+
59. Ka3 Qa1+ 60. Kb4 Qxb2+ 61. Kc5 Qc3+ 62. Kb6 Qc6+ 63. Ka5 f6 64. Qb8+ Kf7 65.
f5 exf5 66. Qa7+ Qb7 67. Qc5 Bc6 68. Qc4+ Kg6 69. Qe2 Qa7+ 70. Kb4 Qxd4+ 71. Ka3
Be4 72. Qb5 Qd6+ 73. Kb2 Qe5+ 74. Qxe5 fxe5 75. Kc3 Kf6 76. Kd2 g5 77. Ke1 g4
78. Kf2 f4 79. Kf1 Kf5 80. Ke1 Bd5 81. Kf2 e4 0-1

[Event "PRO League Pacific 2017"]
[Site "chess.com INT"]
[Date "2017.01.18"]
[Round "2"]
[White "Haining, Kyle"]
[Black "Talyansky, Seth D"]
[Result "1-0"]
[WhiteTitle "CM"]
[WhiteElo "2195"]
[BlackElo "2176"]
[WhiteTeam "Seattle Sluggers"]
[BlackTeam "Portland Rain"]
[WhiteFideId "2078643"]
[BlackFideId "30907730"]
[EventDate "2017.01.11"]

1. e4 e5 2. Nf3 Nc6 3. Bb5 a6 4. Bxc6 dxc6 5. O-O Bg4 6. h3 h5 7. d3 Qf6 8. Nbd2
Ne7 9. Re1 Ng6 10. d4 Bd6 11. hxg4 hxg4 12. Nh2 Rxh2 13. Qxg4 Rh4 14. Qf5 Qxf5
15. exf5 Ne7 16. dxe5 Bc5 17. g3 Rh5 18. f6 Nf5 19. Ne4 Bb6 20. fxg7 Nxg7 21.
Nf6+ Ke7 22. Nxh5 Nxh5 23. Bg5+ Ke6 24. Kg2 Ng7 25. Be3 c5 26. f4 Nf5 27. Bf2
Rg8 28. Kf3 c4 29. Rg1 Bd4 30. c3 Bxf2 31. Kxf2 Nh6 32. Kf3 Kf5 33. Rad1 Rg6 34.
Rd7 Rc6 35. g4+ Ke6 36. Rgd1 Rb6 37. Ke4 1-0

[Event "PRO League Pacific 2017"]
[Site "chess.com INT"]
[Date "2017.01.18"]
[Round "2"]
[White "Hernandez, Albert"]
[Black "Hilby, Craig"]
[Result "0-1"]
[BlackTitle "FM"]
[WhiteElo "2211"]
[BlackElo "2334"]
[WhiteTeam "Las Vegas Desert Rats"]
[BlackTeam "San Diego Surfers"]
[WhiteFideId "2022745"]
[BlackFideId "2062674"]
[EventDate "2017.01.11"]

1. d4 Nf6 2. Nc3 d5 3. Bg5 Nbd7 4. Nf3 g6 5. e3 Bg7 6. Bd3 O-O 7. O-O c6 8. Re1
b5 9. a3 Bb7 10. e4 dxe4 11. Nxe4 a6 12. c3 Qc7 13. Qd2 c5 14. Bxf6 exf6 15.
Nxc5 Nxc5 16. dxc5 Bxf3 17. gxf3 Qxc5 18. Be4 Rad8 19. Qe3 Qh5 20. Rad1 Bh6 21.
f4 Rxd1 0-1

[Event "PRO League Pacific 2017"]
[Site "chess.com INT"]
[Date "2017.01.18"]
[Round "2"]
[White "Aleskerov, Faik"]
[Black "Shankland, Samuel L"]
[Result "0-1"]
[BlackTitle "GM"]
[WhiteElo "2315"]
[BlackElo "2674"]
[WhiteTeam "San Jose Hackers"]
[BlackTeam "San Francisco Mechanics"]
[WhiteFideId "13401262"]
[BlackFideId "2004887"]
[EventDate "2017.01.11"]

1. d4 Nf6 2. Nf3 g6 3. g3 Bg7 4. Bg2 O-O 5. O-O d5 6. c3 Nbd7 7. Re1 b6 8. Bf4
Bb7 9. Qc1 c5 10. Bh6 Rc8 11. Bxg7 Kxg7 12. Qd1 Qc7 13. Na3 a6 14. Rc1 e5 15.
dxe5 Nxe5 16. Nxe5 Qxe5 17. Nb1 Rcd8 18. Qb3 Qc7 19. Nd2 Rfe8 20. e3 h5 21. Qa4
a5 22. Qf4 Qe7 23. Rcd1 Ne4 24. h4 f6 25. Qf3 Ba6 26. g4 hxg4 27. Qxg4 Bc8 28.
Qf3 Bf5 29. Nxe4 Bxe4 30. Qf4 Rh8 31. c4 Bxg2 32. Kxg2 Rh5 33. cxd5 Rhxd5 34.
Rxd5 Rxd5 35. e4 Rd4 36. h5 gxh5 37. Kf3 Qd7 38. Rg1+ Kf7 39. Qh6 Qh3+ 40. Rg3
Qh1+ 41. Rg2 Qd1+ 42. Kg3 Qg4+ 43. Kh2 Qh4+ 0-1

[Event "PRO League Pacific 2017"]
[Site "chess.com INT"]
[Date "2017.01.18"]
[Round "2"]
[White "Arribas Lopez, Angel"]
[Black "Kambrath, Yannick"]
[Result "1-0"]
[WhiteTitle "GM"]
[BlackTitle "FM"]
[WhiteElo "2511"]
[BlackElo "2358"]
[WhiteTeam "Dallas Destiny"]
[BlackTeam "Rio Grande Ospreys"]
[WhiteFideId "2283352"]
[BlackFideId "20632525"]
[EventDate "2017.01.11"]

1. e4 c5 2. Nc3 a6 3. g3 b5 4. Bg2 Bb7 5. d3 e6 6. Nh3 d6 7. O-O Nf6 8. f4 Be7
9. e5 Nd5 10. Qg4 O-O 11. f5 exf5 12. Rxf5 dxe5 13. Bh6 g6 14. Bxf8 Bxf8 15.
Rxf7 Kxf7 16. Ng5+ Ke8 17. Nxd5 Bxd5 18. Ne6 Qd6 19. Bxd5 Ra7 20. Rf1 Bh6 21. c4
Re7 22. Rf6 Qd7 23. Qh4 Be3+ 24. Kg2 Rf7 25. Rxf7 Qxf7 26. Qd8# 1-0

[Event "PRO League Pacific 2017"]
[Site "chess.com INT"]
[Date "2017.01.18"]
[Round "2"]
[White "Kannappan, Priyadharshan"]
[Black "Akobian, Varuzhan"]
[Result "0-1"]
[WhiteTitle "GM"]
[BlackTitle "GM"]
[WhiteElo "2527"]
[BlackElo "2633"]
[WhiteTeam "Webster Windmills"]
[BlackTeam "St Louis Arch Bishops"]
[WhiteFideId "5018293"]
[BlackFideId "13300580"]
[EventDate "2017.01.11"]

1. e4 d6 2. d4 Nf6 3. Nc3 c6 4. Nf3 Bg4 5. h3 Bh5 6. g4 Bg6 7. Qe2 e6 8. Bd2 d5
9. exd5 cxd5 10. Qb5+ Nbd7 11. Ne5 Bd6 12. Nxg6 hxg6 13. Bg2 O-O 14. Qxb7 Rb8
15. Qxa7 Rxb2 16. Qa6 Bb4 17. a3 Ba5 18. Qd3 Qc7 19. O-O Rc8 20. Nd1 Rxc2 21.
Bxa5 Qxa5 22. Rb1 Ra2 23. Rb3 Ra8 24. Ne3 Rxa3 25. Rfb1 Rxb3 26. Qxb3 Rb8 27.
Qc2 Rxb1+ 28. Qxb1 Qd2 29. Qa1 g5 30. Bf3 g6 31. Kg2 Kg7 32. Nf1 Qd3 33. Ne3 Nb6
34. Qd1 Qc3 35. Kg1 Nc4 36. Nc2 Nd2 37. Bg2 Qd3 38. Ne3 Qc3 39. Nf1 Nb3 40. h4
gxh4 41. g5 Nh7 42. Ne3 Qc1 43. Qxc1 Nxc1 44. Bf1 Nxg5 45. Kg2 Nb3 46. Nc2 Ne4
47. f3 Nd6 48. Bd3 g5 49. Kh3 Kh6 50. f4 f5 51. fxg5+ Kxg5 52. Ba6 f4 53. Kg2
Nf5 0-1

[Event "PRO League Pacific 2017"]
[Site "chess.com INT"]
[Date "2017.01.18"]
[Round "2"]
[White "Zavortink, Matt B"]
[Black "Haining, Kyle"]
[Result "1/2-1/2"]
[BlackTitle "CM"]
[WhiteElo "1979"]
[BlackElo "2195"]
[WhiteTeam "Portland Rain"]
[BlackTeam "Seattle Sluggers"]
[WhiteFideId "2034263"]
[BlackFideId "2078643"]
[EventDate "2017.01.11"]

1. d4 g6 2. e4 Bg7 3. Nf3 d6 4. Bc4 Nf6 5. Qe2 O-O 6. O-O Bg4 7. e5 dxe5 8. dxe5
Nfd7 9. e6 Ne5 10. exf7+ Kh8 11. Qxe5 Bxf3 12. Qe6 Bc6 13. Bg5 Bd7 14. Qxe7 Nc6
15. Qe3 Qc8 16. Bh6 Bxh6 17. Qxh6 Be6 18. Qe3 Bxf7 19. Nd2 Qf5 20. Qc3+ Kg8 21.
Nf3 Rad8 22. Rad1 h6 23. Rfe1 Bxc4 24. Qxc4+ Qf7 25. Qh4 Kg7 26. Rxd8 Rxd8 27.
Ne5 Qe7 28. Qxe7+ Nxe7 29. Nd3 Kf6 30. f3 Nf5 31. Kf2 Nd4 32. Nc5 b6 33. Ne4+
Ke7 34. Rd1 Nxc2 1/2-1/2

[Event "PRO League Pacific 2017"]
[Site "chess.com INT"]
[Date "2017.01.18"]
[Round "2"]
[White "Zavortink, Matt B"]
[Black "Mikhalevski, Victor"]
[Result "0-1"]
[BlackTitle "GM"]
[WhiteElo "1979"]
[BlackElo "2504"]
[WhiteTeam "Portland Rain"]
[BlackTeam "Seattle Sluggers"]
[WhiteFideId "2034263"]
[BlackFideId "2801914"]
[EventDate "2017.01.11"]

1. d4 Nf6 2. Bf4 c5 3. e3 Qb6 4. Na3 d6 5. Nf3 Qxb2 6. Nb5 Qb4+ 7. Nd2 Qa5 8.
dxc5 a6 9. Nd4 Qxc5 10. Be2 Qc7 11. N4b3 Nd5 12. O-O Nc3 13. Qe1 g6 14. Bf3 Bg7
15. Ne4 O-O 16. Rc1 Nxa2 17. Rd1 Bf5 18. Nxd6 exd6 19. Bxd6 Qxc2 20. Bxf8 Bxf8
21. Nd4 Qc8 22. Qa5 Nb4 23. Nxf5 N8c6 24. Qb6 Qxf5 25. Qxb7 Ra7 26. Bxc6 Rxb7
27. Bxb7 a5 28. Ra1 Qb5 29. Be4 Bg7 30. Ra3 Bb2 31. Rb3 Be5 32. Rd1 a4 33. Rd5
Qc4 0-1

[Event "PRO League Pacific 2017"]
[Site "chess.com INT"]
[Date "2017.01.18"]
[Round "2"]
[White "Wheeler, Cameron"]
[Black "Izoria, Zviad"]
[Result "0-1"]
[WhiteTitle "FM"]
[BlackTitle "GM"]
[WhiteElo "2398"]
[BlackElo "2604"]
[WhiteTeam "San Francisco Mechanics"]
[BlackTeam "San Jose Hackers"]
[WhiteFideId "2060531"]
[BlackFideId "13601733"]
[EventDate "2017.01.11"]

1. d4 Nf6 2. c4 g6 3. Nf3 Bg7 4. g3 c5 5. Bg2 cxd4 6. Nxd4 O-O 7. O-O d5 8. cxd5
Nxd5 9. Nc3 Nxc3 10. bxc3 Qa5 11. Qb3 Nc6 12. Be3 Nxd4 13. Bxd4 Rb8 14. Bxg7
Kxg7 15. Rfd1 Qc7 16. Rd4 Be6 17. Qb2 b6 18. Rad1 Rbc8 19. c4 Qe5 20. f4 Qf6 21.
Qb4 Rc5 22. e4 Rfc8 23. Bf1 Bg4 24. R1d2 e5 25. Rd6 Be6 26. Rf2 exf4 27. gxf4
R8c6 28. Rxc6 Rxc6 29. Qd2 Bxc4 30. Bh3 Qd6 31. Qb2+ f6 32. e5 Qd1+ 33. Bf1 Bxf1
34. exf6+ Rxf6 35. Rxf1 Qg4+ 36. Kh1 Qf5 37. Qd4 Qc5 38. Qd7+ Rf7 39. Qe8 Re7
40. Qd8 Qc6+ 41. Kg1 Qd7 42. Qa8 Qd4+ 43. Kh1 Qe4+ 44. Qxe4 Rxe4 45. f5 g5 46.
Rc1 Ra4 47. Kg2 Kf6 0-1

[Event "PRO League Pacific 2017"]
[Site "chess.com INT"]
[Date "2017.01.18"]
[Round "2"]
[White "Wheeler, Cameron"]
[Black "Ke, Ivan"]
[Result "1-0"]
[WhiteTitle "FM"]
[WhiteElo "2398"]
[BlackElo "2058"]
[WhiteTeam "San Francisco Mechanics"]
[BlackTeam "San Jose Hackers"]
[WhiteFideId "2060531"]
[BlackFideId "30914477"]
[EventDate "2017.01.11"]

1. d4 d5 2. c4 e6 3. Nf3 Nf6 4. g3 b6 5. Bg2 Bb7 6. O-O Be7 7. Nc3 O-O 8. Ne5
Nbd7 9. Qa4 Nxe5 10. dxe5 Ng4 11. cxd5 Nxe5 12. d6 Bxg2 13. dxe7 Qxe7 14. Kxg2
c5 15. Bf4 Ng6 16. Rfd1 e5 17. Be3 f5 18. Qb3+ Kh8 19. Nd5 Qf7 20. f3 f4 21. Bf2
e4 22. Nxf4 Nxf4+ 23. gxf4 Qg6+ 24. Bg3 Rxf4 25. Qd5 exf3+ 26. exf3 Raf8 27. Qd6
R4f6 28. Qd3 Qh5 29. Rf1 Qg5 30. Rae1 Rf5 31. f4 Qg6 32. Re5 h5 33. Rfe1 Kh7 34.
Re6 Qf7 35. R1e5 Qb7+ 36. Kg1 c4 37. Qc2 Qf7 38. Re7 Qg6 39. R7e6 Qg4 40. Rxf5
Qxf5 41. Qxf5+ Rxf5 42. Re7 Kh6 43. Rxa7 Rd5 44. Be1 Rd1 45. Kf2 g6 46. Ke2 Rb1
47. Bc3 Rh1 48. Ra8 Rxh2+ 49. Kf1 g5 50. f5 g4 51. Bf6 1-0

[Event "PRO League Pacific 2017"]
[Site "chess.com INT"]
[Date "2017.01.18"]
[Round "2"]
[White "Chirila, Ioan-Cristian"]
[Black "Wheeler, Cameron"]
[Result "1/2-1/2"]
[WhiteTitle "GM"]
[BlackTitle "FM"]
[WhiteElo "2533"]
[BlackElo "2398"]
[WhiteTeam "San Jose Hackers"]
[BlackTeam "San Francisco Mechanics"]
[WhiteFideId "1211668"]
[BlackFideId "2060531"]
[EventDate "2017.01.11"]

1. Nf3 d5 2. g3 Nf6 3. Bg2 c6 4. O-O Bf5 5. d3 h6 6. c4 e6 7. cxd5 exd5 8. Qb3
Qb6 9. Qc2 Nbd7 10. Nc3 Be7 11. e4 dxe4 12. dxe4 Bh7 13. Be3 Qa5 14. Rad1 O-O
15. Qb3 Nc5 16. Bxc5 Bxc5 17. e5 Ne4 18. Qxb7 Rab8 19. Qxc6 Nxf2 20. Rd5 Nd3+
21. Kh1 Rfc8 22. Qa4 Nf2+ 23. Kg1 Qxa4 24. Nxa4 Nh3+ 25. Kh1 Nf2+ 26. Kg1 Nh3+
27. Kh1 1/2-1/2